000 00554nam a2200229Ia 4500
003 OSt
005 20220918221118.0
006 a|||||r|||| 00| 0
007 ta
008 220917b |||||||| |||| 00| 0 eng d
024 _a148,317
037 _cTextual
040 _aARTS
_cARTS
_beng
041 _2eng
_aeng
082 _aS8:86, L0.1
100 _aKiev Ari ed
_9139132
245 0 _aSocial psychiatry
260 _c1970
650 _aSOCIAL PSYCHOLOGY
942 _hS8:86, L0.1
_cTEXL
_2CC
999 _c270994
_d270994